Thank Goodness/ I Couldn't Be Happier Lyrics Quiz - Statistics

General Stats
  • This quiz has been taken 30 times
  • The average score is 332 of 451
Answer Stats
Hint Answer % Correct
A
100%
An
100%
And
100%
Be
100%
Couldn't
100%
Go
100%
Glinda Good
100%
Goodness
100%
Happier
100%
Happy
100%
He
100%
Hear
100%
I
100%
Is
100%
Ensemble | Glinda | Madame Morrible Thank
100%
The
100%
Ensemble We
100%
What
100%
Wicked
100%
You
100%
All
91%
For
91%
Glinda
91%
Her
91%
Me
91%
Of
91%
She
91%
So
91%
That
91%
To
91%
When
91%
Where
91%
With
91%
Fiyero Yes
91%
Your
91%
Are
82%
Day
82%
Fiyero
82%
Handsome
82%
Happens
82%
In
82%
It
82%
Melt
82%
No
82%
Some
82%
True
82%
Water
82%
Way
82%
We'll
82%
Well
82%
Fiyero We're
82%
Witch
82%
Wizard
82%
Can
73%
Celebration
73%
Come
73%
Does
73%
Dreams
73%
Feel
73%
Free
73%
Handsomer
73%
Have
73%
Glinda Let's
73%
Look
73%
Glinda Oh
73%
Please
73%
Pure
73%
Glinda Surprised
73%
Today
73%
Us
73%
As
64%
Because
64%
Dear
64%
Engaged
64%
Madame Morrible Finally
64%
He's
64%
Hoped
64%
How
64%
Our
64%
Oz
64%
Right
64%
Shed
64%
That's
64%
There
64%
Totally
64%
Very
64%
Why
64%
You'd
64%
Animals
55%
Being
55%
Captain
55%
Cross
55%
Crossed
55%
Easily
55%
Ending
55%
Eye
55%
Fairytale
55%
Get
55%
Has
55%
Here
55%
Know
55%
Own
55%
Refreshment
55%
Skin
55%
Snake
55%
Somebody
55%
Soul
55%
Tell
55%
This
55%
Unclean
55%
Who
55%
Will
55%
Appointed
45%
Bridges
45%
Cause
45%
Dearest
45%
Extra
45%
Fetch
45%
Fiancé
45%
Food
45%
Force
45%
Gale
45%
Giving
45%
Gone
45%
Got
45%
Humbler
45%
Just
45%
Newly
45%
Plot
45%
Rebel
45%
Share
45%
Shelter
45%
Thanks
45%
Until
45%
West
45%
We've
45%
You've
45%
Always
36%
Awake
36%
Can't
36%
Didn't
36%
Face
36%
If
36%
It's
36%
I've
36%
Like
36%
Not
36%
Prince
36%
Remains
36%
Stand
36%
Vicariously
36%
Along
27%
Anticipated
27%
Braverism
27%
But
27%
Plenty
27%
Press
27%
Secretary
27%
Simply
27%
Though
27%
Thoughtful
27%
Wouldn't
27%
Admit
18%
Ballyhoo
18%
Bit
18%
Cheers
18%
Complicated
18%
Doesn't
18%
Ensure
18%
Finale
18%
Getting
18%
Grinning
18%
Joy
18%
Kind
18%
Knows
18%
Love
18%
Lovelier
18%
May
18%
Perfect
18%
Pretending
18%
Story
18%
Striven
18%
Swain
18%
Terrifying
18%
Ensemble They
18%
Think
18%
Thrill
18%
Tiniest
18%
Cost
9%
Frank
9%
Isn't
9%
Little
9%
Lost
9%
Luckier
9%
Sort
9%
Still
9%
Strange
9%
There's
9%
Things
9%
Um
9%
Couple
0%
Goodlier
0%
Means
0%
Seems
0%
Unlike
0%
No matching quizzes found
Score Distribution
Percent of People with Each Score
Percentile by Number Answered
Your Score History
You have not taken this quiz